Eastern Hemisphere
Saved in:
| Main Author: | |
|---|---|
| Corporate Authors: | , , , |
| Format: | Electronic |
| Language: | English |
| Published: |
[1890].
|
| Series: | David Rumsey Collection digital maps
|
| Subjects: | |
| Tags: |
Add Tag
No Tags, Be the first to tag this record!
|
| LEADER | 01526nea a2200337Ka 4500 | ||
|---|---|---|---|
| 001 | 012024971-5 | ||
| 005 | 20090630193809.0 | ||
| 008 | 060613t18901887paud a s 0 eng d | ||
| 034 | 1 | |a a |b 100000000 |d W0200000 |e E1600000 |f N0900000 |g S0900000 | |
| 035 | 0 | |a ocm70081897 | |
| 040 | |a CUY |c CUY | ||
| 052 | |a 5670 | ||
| 100 | 1 | |a Mitchell, S. Augustus |q (Samuel Augustus), |d 1792-1868. | |
| 245 | 1 | 0 | |a Eastern Hemisphere |h [electronic resource] / |c copyright 1887 by Wm. M. Bradley & Bro. |
| 255 | |a Scale [ca. 1:100,000,000]. | ||
| 260 | |c [1890]. | ||
| 500 | |a Relief shown by hachures. | ||
| 500 | |a Shows routes of James Cook, Capt. Gore and the U.S. Exploring Expedition. | ||
| 500 | |a Includes inset drawings of comparative river lengths and heights in the Eastern Hemisphere. | ||
| 500 | |a Ancillary maps: Greatest mass of water -- Greatest mass of land. | ||
| 500 | |a Scanned raster image of original: 1 map : hand col. ; 19 cm. in diam., on sheet 39 x 31 cm. | ||
| 500 | |a Original in the David Rumsey Collection; scanned by Cartography Associates. | ||
| 651 | 0 | |a Eastern Hemisphere |v Maps. | |
| 710 | 2 | |a Wm. M. Bradley & Bros. | |
| 710 | 2 | |a John Y. Huber Company. | |
| 710 | 2 | |a David Rumsey Collection. | |
| 710 | 2 | |a Cartography Associates. | |
| 773 | 0 | |a Mitchell, S. Augustus (Samuel Augustus), 1792-1868. |t Mitchell's new general atlas. |d Philadelphia ; St. Louis : John Y. Huber Company, 1890, c1886. |g p. 3. |w (OCoLC)70047977 | |
| 830 | 0 | |a David Rumsey Collection digital maps |5 net | |
| 988 | |a 20090630 | ||
| 906 | |0 OCLC | ||


